000 00509nam a22001937a 4500
999 _c7485
_d7485
003 OSt
005 20211115163640.0
008 211115b ||||| |||| 00| 0 eng d
020 _a9788125907817
040 _cMUST
082 _a331.11GHO2009
100 _aGhosh Biswanath
_915340
245 _aHuman Resources Development and Management
260 _aNew Delhi
_bVikas
_c2011
300 _axiii; 360p.
_bill;
_c24cm
504 _aIncludes: Index
650 _aHuman Resources
_915341
942 _2ddc
_cO_SHELF